Diccionario árabe marroquí: Arabe marroquí- Español Español-Arabe marroquí

Сохранить в:
Библиографические подробности
Главные авторы: Aguadé, Jordi (Автор), Benyahia, Laila (Автор)
Формат:
Язык:арабский
испанский
Опубликовано: Cádiz Quorum 2005
Редактирование:1a. ed
Предметы:
Метки: Добавить метку
Нет меток, Требуется 1-ая метка записи!

MARC

LEADER 00000cam a2200000 a 4500
001 UCF4606
003 CL-VaPUC
008 121213e20051000SP |||||||||||||||||ara|d
020 |a 848859979X 
041 0 7 |a ara  |2 CL-VaPUC 
041 0 7 |a spa  |2 CL-VaPUC 
082 0 4 |a 413.927  |b AGU  |2 21 
100 0 |a Aguadé, Jordi  |e author  |9 566155 
700 0 |a Benyahia, Laila  |e author  |9 566156 
245 1 0 |a Diccionario árabe marroquí: Arabe marroquí- Español Español-Arabe marroquí 
250 |a 1a. ed 
300 |a 311 p 
942 |c BK 
945 |d 20121213 00:00:00  |a dcastane 
260 |a Cádiz  |b Quorum  |c 2005 
650 0 |a Diccionarios  |9 256200 
650 0 |a Árabes  |9 316264 
650 0 |a Español  |9 255372 
583 |a last modification  |c 20121213 11:07:00  |k Rodrigo Vera 
999 |c 350362  |d 350360 
952 |0 0  |1 0  |4 0  |6 413_927000000000000_AGU_2005  |7 0  |8 F  |9 453647  |a BIBGIM  |b BIBGIM  |d 2019-11-22  |i 4933109  |o 413.927 AGU 2005  |p 4933109  |r 2025-01-15  |w 2019-11-22  |y BK_F  |k ARA